Diseño y construcción de una máquina de corriente continua
Kaydedildi:
| Yazar: | |
|---|---|
| Materyal Türü: | Kitap |
| Baskı/Yayın Bilgisi: |
[San José , Costa Rica]
1986
|
| Konular: | |
| Etiketler: |
Etiketle
Etiket eklenmemiş, İlk siz ekleyin!
|
MARC
| LEADER | 00000nam a2200000Ia 4500 | ||
|---|---|---|---|
| 003 | 007544 | ||
| 005 | 20221231144358.0 | ||
| 008 | 140114s1986 c a m 000 ||s |d | ||
| 040 | |c cru CEDI | ||
| 090 | |a TFG 1797 | ||
| 100 | |a Alfaro Toribio, Juan Roberto |9 13889 | ||
| 245 | |a Diseño y construcción de una máquina de corriente continua | ||
| 260 | |c 1986 |a [San José , Costa Rica] | ||
| 300 | |a 53 hojas. | ||
| 500 | |a Proyecto de graduación (bachillerato en ingeniería eléctrica)--Universidad de Costa Rica. Facultad de Ingeniería. Escuela de Ingeniería Eléctrica | ||
| 650 | |x MOTORES ELECTRICOS DE CORRIENTE CONTINUA |x CORRIENTES CONTINUAS |9 14301 | ||
| 942 | |c TFG | ||
| 999 | |c 20986 |d 20986 | ||
